Statistics for 2010s Music Trivia

Click here to take the quiz!

General Stats

  • This quiz has been taken 24,470 times
    (8,271 since last reset)
  • The average score is 15 of 20

Answer Stats

Question Answer % Correct
Who "shook off" country music to become a pop singer?Taylor Swift
97%
Who were the best-selling boy band of the decade?One Direction
89%
What song by Psy was the first YouTube video to be viewed 1 billion times?Gangnam Style
86%
What dance move did Miley Cyrus famously perform at the Video Music Awards?Twerking
84%
What headphones company, co-founded by Dr. Dre, was purchased by Apple?Beats
83%
Complete the lyric from the singer Sia: I'm gonna swing from the __________Chandelier
82%
What is the missing word in these lyrics?
"_____ from the other side / I must have called a thousand times"?
Hello
82%
Where did Macklemore buy a broken keyboard and some smelly clothes for 99 cents?{Thrift} Shop
81%
In what Latin American city would you find Camila Cabello's heart? (Ooh na-na)Havana
81%
Who was mocked for his awkward dance moves in the video "Hotline Bling"?Drake
78%
What part of his body couldn't The Weeknd feel when he's with you?His Face
76%
What does the D stand for in EDM?Dance
75%
Where did Hozier want you to take him?Church
75%
Who was the lead singer of Maroon 5?Adam Levine
73%
What Cuban-American rapper introduced himself as "Mister Worldwide"?Pitbull
72%
What band, named after a French prison, recorded the song "Things We Lost in the Fire"?Bastille
66%
What female singer's last name is something that you can order at Starbucks?Ariana Grande
65%
What song by Mark Ronson dominated the radio airwaves during the spring of 2015?Uptown Funk
61%
What two female singers recorded the most U.S. #1 hits during the decade?Rihanna
60%
What two female singers recorded the most U.S. #1 hits during the decade?Katy Perry
55%

Score Distribution

Percentile by Number Answered

Percent of People with Each Score

Your Score History

You have not taken this quiz since the last reset